Anime by weird description - Statistics

General Stats
  • This quiz has been taken 352 times
  • The average score is 13 of 38
Answer Stats
Description Answer % Correct
You will drown if you eat fruit One Piece
85%
If you work out a lot, you can become bald One Punch Man
78%
Death Gods having fun with mortals Death note
74%
Lost a brother and few limbs trying to bring mommy back Fullmetal Alchemist
73%
Have you ever tried killing your teacher? Assassination Classroom
72%
If you eat hair, you can break your bones My Hero Academia
69%
An orphan trying to become respected Naruto
58%
Orphan raised by a dragon Fairy Tail
52%
Finding Daddy Hunter x Hunter
50%
Two brothers trying to kill Satan Blue Exorcist
47%
Abusive father forces his son to enter a robot Neon Genesis Evangelion
46%
Main character gets eaten by a Santa Claus Attack on Titan
45%
Monkey yells really loud Dragon Ball
44%
Casually swap your body with a random person and write on it so that you can get to know each other Your Name
44%
Sun and shadow playing basketball Kuroko No Basket
39%
Thick headed boy trying to save his sister Demon Slayer
38%
Kids using other kids as a weapon Soul Eater
38%
Lethal card games Yugioh
34%
Orphan gets a rather dirty book with a demon Black Clover
32%
Everyone dies Akame ga Kill
30%
Main character is basically everything that exists Bleach
26%
10 billion percent Dr Stone
24%
Cute girl becomes old and falls in love with the most beautiful man alive who is also a bird Howl's Moving Castle
22%
A girls falls in love with a spirit Spirited Away
19%
Robots, robots and, more robots Gundam
17%
Parody Gintama
16%
The most stereotypical female armor Kill la Kill
16%
Bully becomes bullied Silent Voice
16%
Back muscles Free
14%
Drawing manga so that you can get married Bakuman
13%
Ducks at the lake are free Pokemon
12%
Man literally too angry to die Berserk
11%
Trying to save the forest from the evil Princess Mononoke
10%
Fucked up bloodline Jojo's Bizzare Adventure
9%
Weird hide and seek with the dead Anohana
5%
Accidentally entered a big program while on a school trip Digimon
3%
How the fuck do you watch this Fate Series
2%
White child doesn't know who he is D-Gray Man
1%
No matching quizzes found
Score Distribution
Percent of People with Each Score
Percentile by Number Answered
Your Score History
You have not taken this quiz